A comparative evolution of business partnerships : the Islamic World and Europe, with specific reference to the Ottoman Archives

Αποθηκεύτηκε σε:
Λεπτομέρειες βιβλιογραφικής εγγραφής
Κύριος συγγραφέας: Cizakca, Murat
Μορφή: Βιβλίο
Γλώσσα:English
Δημοσίευση: Leiden : E. J. Brill, 1996
Σειρά:Ottoman Empire and its heritage ; ; 8
Θέματα:
Ετικέτες: Προσθήκη ετικέτας
Δεν υπάρχουν, Καταχωρήστε ετικέτα πρώτοι!

MARC

LEADER 00000nam a2200000 i 4500
001 1/17762
008 981008s1996 eng d
020 |a 90-04-10601-4 
035 |l 10020674 
040 |a GR-MY-UA  |b gre  |e aacr 
041 0 |a eng 
082 0 |a 338.60410917671 
100 1 |a Cizakca, Murat. 
245 1 2 |a A comparative evolution of business partnerships :  |b the Islamic World and Europe, with specific reference to the Ottoman Archives /  |c by Murat Cizakca 
260 |a Leiden :   |b E. J. Brill,   |c 1996 
300 |a 232 p. 
490 1 |a Ottoman Empire and its heritage. 1380-6076  |v ; 8 
504 |a Includes bibliographical referneces and index 
650 0 0 |a Business enterprises  |z Islamic countries  |x Finance  |x History. 
650 0 0 |a Speculation  |z Islamic countries  |x History. 
650 0 0 |a Joint ventures  |z Islamic countries  |x History. 
650 0 0 |a Business enterprises  |z Europe  |x Finance  |x History. 
650 0 0 |a Joint ventures  |z Europe  |x History. 
650 0 0 |a Partnership  |z Europe  |x History. 
650 0 0 |a Partnership  |x History  |x Sources. 
830 0 |a Ottoman Empire and its heritage ;  |v ; 8 
852 |a INST  |b LESVOS  |e 19981008  |h 338.60410917671 CIZ  |p 005100012951  |q 005100012951  |t BK  |y 0 
901 |a BIBL-1998-3 
909 |a Λ  |b 059139 
922 |a 1ΔΩΡ  |b 199809  |c ΤΚΑ